Najczęściej odwiedzane miasta w Polsce przez turystów. - Statystyki

Ogólne statystyki
  • Ten quiz został rozwiązany 1 476 razy
  • Średni wynik to 9 z 10
Statystyki odpowiedzi
# Miasto % Poprawnych
1. Warszawa
100%
3. Kraków
99%
2. Gdańsk
98%
5. Wrocław
94%
6. Poznań
90%
8. Łódź
83%
4. Katowice
82%
10. Lublin
79%
9. Bydgoszcz
72%
7. Rzeszów
65%
Nie znaleziono quizów pasujących do podanych kryteriów
Rozkład punktacji
Procent ludzi z każdym wynikiem
Percentyl według liczby udzielonych odpowiedzi
Twoja historia wyników
Nie rozwiązałeś tego quizu